Introduction à la littérature latine : Des origines au Haut-Empire (notice n° 1567271)
[ vue normale ]
| 000 -LEADER | |
|---|---|
| fixed length control field | 01065cam a2200133 4500500 |
| 005 - DATE AND TIME OF LATEST TRANSACTION | |
| control field | 20251214002641.0 |
| 041 ## - LANGUAGE CODE | |
| Language code of text/sound track or separate title | fre |
| 042 ## - AUTHENTICATION CODE | |
| Authentication code | dc |
| 100 10 - MAIN ENTRY--PERSONAL NAME | |
| Personal name | Gaillard, Jacques |
| Relator term | author |
| 245 00 - TITLE STATEMENT | |
| Title | Introduction à la littérature latine : Des origines au Haut-Empire |
| 260 ## - PUBLICATION, DISTRIBUTION, ETC. | |
| Name of publisher, distributor, etc. | Armand Colin,<br/> |
| Date of publication, distribution, etc. | 2017.<br/> |
| 520 ## - SUMMARY, ETC. | |
| Summary, etc. | Cet ouvrage présente l’histoire de la littérature latine de ses origines à la chute des Antonins. Sous forme d’un plaisant parcours à travers les genres et les siècles, il permet de découvrir les grands auteurs et les textes fondateurs de l’Antiquité romaine, avec la modeste ambition d’encourager les étudiants à fréquenter ces classiques, célèbres ou non. Précieux outil pour les étudiants des classes préparatoires littéraires et des cycles L de lettres classiques et modernes, il leur offre un panorama bienvenu sur le théâtre, la philosophie, la poésie ou encore l’élégie latines. |
| 856 41 - ELECTRONIC LOCATION AND ACCESS | |
| Uniform Resource Identifier | <a href="https://shs.cairn.info/introduction-a-la-litterature-latine--9782200617806?lang=fr&redirect-ssocas=7080">https://shs.cairn.info/introduction-a-la-litterature-latine--9782200617806?lang=fr&redirect-ssocas=7080</a> |
Pas d'exemplaire disponible.




Réseaux sociaux